Words in Queen Titles - Sudden Death - Statistics

General Stats
  • This quiz has been taken 41 times
  • The average score is 13 of 20
Answers on the Grid
Answers color-coded by a green-red scale on the quiz's grid according to % correct below.
Alive
Bicycle
Boy
Car
Changes
China
City
Dust
Girls
Hammer
Heaven
Killer
Kiss
Life
Light
Love
Magic
Mother
Pressure
Radio
Rebel
Road
Seas
Son
Stop
Tea
Uncle
Vision
Wife
Wings
 
Answer Stats
Answer % Correct
Bicycle Race Bicycle
89%
Somebody To Love/ Crazy Little Thing Called Love Love
89%
A Kind Of Magic Magic
86%
Radio Ga Ga Radio
86%
Fat Bottomed Girls/ Calling All Girls Girls
81%
Killer Queen Killer
81%
Under Pressure Pressure
81%
Don't Stop Me Now Stop
72%
Made In Heaven/ Heaven For Everyone Heaven
67%
It's A Hard Life/ Life Is Real/ Love Of My Life Life
67%
Keep Yourself Alive Alive
64%
Another One Bites The Dust Dust
64%
Hammer To Fall Hammer
53%
Good Old-Fashioned Lover Boy Boy
50%
Tie Your Mother Down/ Mother Love Mother
47%
One Vision Vision
47%
I'm In Love With My Car Car
44%
Seven Seas Of Rhye Seas
42%
Father To Son/ Son And Daughter Son
25%
Spread Your Wings Wings
25%
No matching quizzes found
Score Distribution
Percent of People with Each Score
Percentile by Number Answered
Your Score History
You have not taken this quiz